| 000 | 00819nam a22002537a 4500 | ||
|---|---|---|---|
| 001 | 000584721 | ||
| 003 | DO-SdBNP | ||
| 005 | 20180219124210.0 | ||
| 007 | 000584721 | ||
| 008 | 161205b 1962 sp a ||||| |||| 00| 0 spa d | ||
| 040 |
_aBPMSU _bspa _cBPMSU |
||
| 100 | 1 | _aWirtz, Klara | |
| 240 | 1 |
_aWenn die Kinder gross werden. _lEspañol |
|
| 245 | 1 | 0 |
_aCuando los niños crecen / _c Klara Wirtz ; traducción de Consuelo Garcia. |
| 260 |
_aMadrid : _bRialp, _c1962. |
||
| 300 |
_a73 p. : _bil. ; _c17 cm. |
||
| 490 | 1 |
_aLibros para el hogar. Serie B _v12 |
|
| 500 | _aTrad. de: Wenn die Kinder gross werden | ||
| 700 | 1 |
_aGarcía, Consuelo, _etr. |
|
| 830 | 0 |
_aLibros para el hogar. Serie B ; _v12 |
|
| 942 |
_2ddc _cBK |
||
| 945 | _aInventariado, 2018/MFF | ||
| 956 |
_2LOPEREZ _310 _620161207 _8BPMSU _a00041 |
||
| 999 |
_c12356 _d12356 |
||